000 00763nam a2200301Ia 4500
008 171120s9999 xx 000 0 und d
020 _a75340804X
050 _a551
050 _bG131 1993
100 _aGaff, Jackie
245 _aI wonder why Sahara is cold at night :
245 _band other questions about deserts /
245 _cby Jackie Gaff.
260 _aLondon :
260 _bKingfisher,
260 _c1993
300 _a32 pages :
300 _bcolor illustrations ;
300 _c29cm.
440 _aI wonder why.
650 _aDeserts --
650 _aDesserts --
650 _aQuestions and answers.
650 _xMiscellanea --Juvenile literature.
650 _xMiscellanea.
700 _aSeries.
700 _aTitle.
999 _c344967
_d344967